[Event "TP-GIXG"]
[Site "http://www.queenalice.com/game.php?id=442088"]
[Date "2008.8.1"]
[Round "1"]
[White "Piero"]
[Black "educapivara"]
[Result "1-0"]
[WhiteElo "2057"]
[BlackElo "2131"]

1. e4 Nf6 2. e5 Nd5 3. d4 d6 4. Nf3 g6 5. Bc4 Nb6 6. Bb3 d5 7. Be3 Bg7 8. Nbd2
O-O 9. O-O Nc6 10. c3 Na5 11. Bc2 Nac4 12. b3 Nxe3 13. fxe3 c5 14. Rc1 Bg4 15.
h3 Bxf3 16. Nxf3 Rc8 17. Qd2 c4 18. b4 Qd7 19. e4 h6 20. Rce1 Ra8 21. Nh2 a5 22.
a3 axb4 23. axb4 Ra2 24. Ra1 Rfa8 25. Rxa2 Rxa2 26. Qd1 dxe4 27. Bxe4 Nd5 28.
Qf3 e6 29. Ng4 Ra3 30. Bxd5 exd5 31. Rc1 1-0

[Event "TP-GIXG"]
[Site "http://www.queenalice.com/game.php?id=442093"]
[Date "2008.8.1"]
[Round "2"]
[White "cardosorafael"]
[Black "Piero"]
[Result "0-1"]
[WhiteElo "1765"]
[BlackElo "2076"]

1. e4 e5 2. Nf3 Nc6 3. Bb5 a6 4. Ba4 Nf6 5. d3 b5 6. Bb3 h6 7. O-O d6 8. h3 Be7
9. Re1 O-O 10. Nc3 Re8 11. Nd5 Bf8 12. c3 Bb7 13. d4 Na5 14. Nxf6+ Qxf6 15. Bc2
c5 16. d5 Nc4 17. b3 Nb6 18. Be3 Nd7 19. Qd2 g5 20. Nh2 Qg6 21. g4 f6 22. Nf1 h5
23. f3 Re7 24. Ng3 hxg4 25. hxg4 Rh7 26. Kg2 Bc8 27. Rh1 Nb8 28. Rxh7 Qxh7 29.
Rh1 Qg6 30. Rh2 Ra7 31. Qe1 Rh7 32. Rxh7 Qxh7 33. Nh5 Kf7 34. Qh1 a5 35. Bd3 c4
36. bxc4 bxc4 37. Bxc4 Bxg4 38. fxg4 Qxe4+ 39. Kh2 Qxc4 40. Qc1 Qxg4 41. Ng3 f5
42. Bb6 f4 43. Nh1 Qh4+ 44. Kg1 g4 45. Bf2 g3 0-1

[Event "AUTO-INT-916"]
[Site "http://www.queenalice.com/game.php?id=479137"]
[Date "2008.10.18"]
[Round "2"]
[White "anax"]
[Black "Piero"]
[Result "0-1"]
[WhiteElo "1812"]
[BlackElo "2050"]

1. d4 Nf6 2. e3 d5 3. h3 b6 4. Nc3 Bb7 5. Nf3 Nbd7 6. g4 e6 7. a3 c5 8. Bb5 Bd6
9. g5 Ne4 10. h4 Nxc3 11. bxc3 a6 12. Bd3 e5 13. dxe5 Nxe5 14. Bb2 d4 15. Be2
dxe3 16. fxe3 Qe7 17. Rf1 O-O-O 18. Nxe5 Bxe5 19. Bg4+ Kb8 20. Qe2 Bg3+ 21. Rf2
Rhe8 22. Kf1 Bxf2 23. Kxf2 Qe4 24. c4 Qg2+ 0-1

[Event "AUTO-INT-916"]
[Site "http://www.queenalice.com/game.php?id=479138"]
[Date "2008.10.18"]
[Round "2"]
[White "Piero"]
[Black "anax"]
[Result "1-0"]
[WhiteElo "2045"]
[BlackElo "1759"]

1. e4 e6 2. d4 d5 3. Nc3 dxe4 4. Nxe4 c6 5. Nf3 h6 6. Bc4 Nd7 7. O-O Nb6 8. Bd3
Nd5 9. a3 Bd6 10. Nxd6+ Qxd6 11. Ne5 Ngf6 12. c4 Nc7 13. Bf4 Qxd4 14. Nxf7 Rf8
15. Bxc7 Qxb2 16. Be5 Qb6 17. Nd6+ Ke7 18. Rb1 Qc5 19. Nxc8+ Raxc8 20. Rxb7+ Ke8
21. Bg6+ Rf7 22. Bxf7+ Kf8 23. Bd6+ 1-0

[Event "AUTO-INT-916"]
[Site "http://www.queenalice.com/game.php?id=479139"]
[Date "2008.10.18"]
[Round "2"]
[White "allynne_12"]
[Black "Piero"]
[Result "0-1"]
[WhiteElo "1584"]
[BlackElo "2057"]

1. e4 e5 2. Bc4 Nc6 3. c3 Nf6 4. d3 Bc5 5. b4 Bb6 6. a4 a6 7. h3 h6 8. Nf3 O-O
9. a5 Ba7 10. O-O d6 11. Be3 Ne7 12. Bxa7 Rxa7 13. Nbd2 Be6 14. Qb3 Bxc4 15.
Nxc4 g5 16. Nh2 Ng6 17. Ne3 Nf4 18. Rad1 Kh7 19. f3 Qd7 20. d4 Qe6 21. d5 Qd7
22. Nhg4 Nxg4 0-1

[Event "AUTO-INT-916"]
[Site "http://www.queenalice.com/game.php?id=479140"]
[Date "2008.10.18"]
[Round "2"]
[White "Piero"]
[Black "allynne_12"]
[Result "1-0"]
[WhiteElo "2027"]
[BlackElo "1788"]

1. e4 e5 2. f4 exf4 3. Nf3 f6 4. Bc4 Ne7 5. d4 d5 6. exd5 Nxd5 7. Nc3 Nxc3 8.
bxc3 Bd6 9. O-O Nc6 10. Nh4 g5 11. Qh5+ Kd7 12. Re1 Ne7 13. Be6+ Kc6 14. Qf3+
Kb6 15. Rb1+ Ka5 16. c4 c6 17. c5 Bc7 18. Qa3# 1-0

[Event "Challenge"]
[Site "http://www.queenalice.com/game.php?id=487996"]
[Date "2008.11.4"]
[Round "-"]
[White "Piero"]
[Black "KLEOJ"]
[Result "1-0"]
[WhiteElo "2080"]
[BlackElo "2025"]

1. e4 c5 2. Nf3 e6 3. d4 cxd4 4. Nxd4 a6 5. Nc3 Qc7 6. Be3 Bb4 7. Qd2 Nf6 8. f3
d5 9. Bd3 dxe4 10. fxe4 O-O 11. O-O Ng4 12. g3 Nxe3 13. Qxe3 Nc6 14. Nxc6 Qxc6
15. Kh1 e5 16. Nd5 Bc5 17. Qg5 f6 18. Bc4 Kh8 19. Qh4 b5 20. Bb3 a5 21. a4 b4
22. Rad1 Ba6 23. Rf5 Ra7 24. Rh5 h6 25. g4 Be2 26. Rd3 Bxd3 27. cxd3 Bd4 28.
Rxh6+ 1-0

[Event "AUTO-OPEN-1146"]
[Site "http://www.queenalice.com/game.php?id=518665"]
[Date "2009.1.7"]
[Round "2"]
[White "Piero"]
[Black "luvches"]
[Result "0-1"]
[WhiteElo "2082"]
[BlackElo "2181"]

1. e4 e5 2. Nf3 Nc6 3. d4 exd4 4. Nxd4 Nxd4 5. Qxd4 Nf6 6. e5 Qe7 7. Be3 Ng8 8.
Nc3 d6 9. Nd5 Qd8 10. O-O-O c6 11. Nf4 d5 12. c4 g5 13. Nh5 Be6 14. Qc3 Bg4 15.
cxd5 Bxd1 16. e6 Bxh5 0-1

[Event "AUTO-OPEN-1146"]
[Site "http://www.queenalice.com/game.php?id=518666"]
[Date "2009.1.7"]
[Round "2"]
[White "luvches"]
[Black "Piero"]
[Result "1-0"]
[WhiteElo "2190"]
[BlackElo "2070"]

1. e4 e5 2. Nf3 Nc6 3. Bb5 a6 4. Bxc6 dxc6 5. d4 exd4 6. Qxd4 Qxd4 7. Nxd4 Bd7
8. O-O O-O-O 9. Nc3 c5 10. Nf3 f6 11. Nd5 Ne7 12. c4 Nc6 13. Bf4 Bd6 14. Bxd6
cxd6 15. h3 Be6 16. Rfc1 1-0

[Event "AUTO-OPEN-1146"]
[Site "http://www.queenalice.com/game.php?id=518667"]
[Date "2009.1.7"]
[Round "2"]
[White "Piero"]
[Black "serse"]
[Result "0-1"]
[WhiteElo "2094"]
[BlackElo "2434"]

1. e4 c5 2. Nf3 e6 3. d4 cxd4 4. Nxd4 a6 5. Nc3 Qc7 6. Bd3 Nf6 7. O-O b5 8. Qf3
Bb7 9. Bf4 d6 10. Bg3 Nbd7 11. Bxb5 axb5 12. Ndxb5 Qb6 13. Rfd1 Nxe4 14. Nxe4
Qxb5 0-1

[Event "AUTO-OPEN-1146"]
[Site "http://www.queenalice.com/game.php?id=518668"]
[Date "2009.1.7"]
[Round "2"]
[White "serse"]
[Black "Piero"]
[Result "1-0"]
[WhiteElo "2443"]
[BlackElo "2084"]

1. e4 e5 2. Nf3 Nc6 3. Bb5 a6 4. Ba4 Nf6 5. O-O Nxe4 6. d4 b5 7. Bb3 d5 8. dxe5
Be6 9. Nbd2 Nc5 10. c3 Be7 11. Bc2 Qd7 12. Re1 O-O 13. Nb3 Nxb3 14. axb3 Rfe8
15. h3 f6 16. exf6 Bxf6 17. b4 d4 18. Bg5 dxc3 19. Bxf6 gxf6 20. bxc3 1-0

[Event "Let's Play Chess!"]
[Site "http://www.queenalice.com/game.php?id=946836"]
[Date "2011.6.8"]
[Round "-"]
[White "Piero"]
[Black "Killersugus"]
[Result "0-1"]
[WhiteElo "2045"]
[BlackElo "2106"]

1. e4 e6 2. d4 d5 3. Nc3 Bb4 4. e5 c5 5. a3 Ba5 6. b4 cxd4 7. Nb5 Bc7 8. f4 Nc6
9. Nf3 Nge7 10. Bd3 a6 11. Nxc7+ Qxc7 0-1

[Event "Let's Play Chess!"]
[Site "http://www.queenalice.com/game.php?id=946846"]
[Date "2011.6.8"]
[Round "-"]
[White "Killersugus"]
[Black "Piero"]
[Result "1-0"]
[WhiteElo "2144"]
[BlackElo "2023"]

1. d4 Nf6 2. Bg5 c5 3. Bxf6 gxf6 4. c3 Qb6 5. Qc1 d5 6. e3 Nc6 7. Nd2 cxd4 8.
exd4 e5 9. dxe5 fxe5 10. Bd3 Bc5 11. Ne2 Bxf2+ 12. Kd1 e4 13. Bc2 Bg4 14. Nf1 d4
15. Qf4 Bxe2+ 16. Kc1 1-0

[Event "AUTO-MASTER-1425"]
[Site "http://www.queenalice.com/game.php?id=947472"]
[Date "2011.6.8"]
[Round "1"]
[White "Piero"]
[Black "serrato987"]
[Result "0-1"]
[WhiteElo "2004"]
[BlackElo "2085"]

1. e4 d6 2. d4 Nf6 3. Nc3 g6 4. f4 e6 5. Nf3 Bg7 6. Bd3 O-O 7. O-O Na6 8. e5
dxe5 9. fxe5 Nd7 10. Ne4 h6 11. c3 b6 12. Qa4 Bb7 13. Nf6+ Bxf6 14. exf6 Ndc5
15. dxc5 Nxc5 16. Qh4 Nxd3 0-1

[Event "AUTO-MASTER-1425"]
[Site "http://www.queenalice.com/game.php?id=947473"]
[Date "2011.6.8"]
[Round "1"]
[White "serrato987"]
[Black "Piero"]
[Result "1-0"]
[WhiteElo "2098"]
[BlackElo "1991"]

1. e4 e5 2. Nf3 Nc6 3. Nc3 Nf6 4. d4 exd4 5. Nxd4 Bb4 6. Bg5 h6 7. Bxf6 Qxf6 8.
Nb5 Ba5 9. Qd2 a6 10. Na3 b5 11. Nab1 O-O 12. a3 d5 13. exd5 Re8+ 14. Kd1 Nd4
15. b4 Nf3 16. gxf3 Qxf3+ 17. Kc1 1-0

[Event "AUTO-MASTER-1425"]
[Site "http://www.queenalice.com/game.php?id=947474"]
[Date "2011.6.8"]
[Round "1"]
[White "Piero"]
[Black "Angelo"]
[Result "0-1"]
[WhiteElo "2012"]
[BlackElo "2213"]

1. e4 e6 2. d4 d5 3. e5 c5 4. c3 Qb6 5. Nf3 Nc6 6. a3 cxd4 7. cxd4 Nge7 8. Nc3
Nf5 9. Na4 Qd8 10. b4 Bd7 11. Bb2 a6 12. Bd3 Be7 13. Rc1 O-O 14. O-O Rc8 0-1

[Event "AUTO-MASTER-1425"]
[Site "http://www.queenalice.com/game.php?id=947475"]
[Date "2011.6.8"]
[Round "1"]
[White "Angelo"]
[Black "Piero"]
[Result "1-0"]
[WhiteElo "2219"]
[BlackElo "2031"]

1. e4 e5 2. Nf3 Nc6 3. Bc4 Nf6 4. Nc3 Nxe4 5. Nxe4 d5 6. Bxd5 Qxd5 7. d3 Bg4 8.
h3 Bh5 9. g4 Bg6 10. Nc3 Bb4 11. O-O 1-0

[Event "AUTO-MASTER-1425"]
[Site "http://www.queenalice.com/game.php?id=947476"]
[Date "2011.6.8"]
[Round "1"]
[White "Piero"]
[Black "salvador_2011"]
[Result "0-1"]
[WhiteElo "1979"]
[BlackElo "2212"]

1. e4 e6 2. d4 d5 3. Nc3 dxe4 4. Nxe4 Nd7 5. Nf3 Ngf6 6. Nxf6+ Nxf6 7. c3 c5 8.
Be3 Qc7 9. Bd3 Be7 10. O-O O-O 11. Re1 Nd5 12. Ne5 Nxe3 13. Rxe3 f6 0-1

[Event "AUTO-MASTER-1425"]
[Site "http://www.queenalice.com/game.php?id=947477"]
[Date "2011.6.8"]
[Round "1"]
[White "salvador_2011"]
[Black "Piero"]
[Result "1-0"]
[WhiteElo "2217"]
[BlackElo "1972"]

1. e4 e5 2. Nf3 Nc6 3. Bb5 a6 4. Ba4 Nf6 5. O-O Nxe4 6. Re1 Nc5 7. Bxc6 dxc6 8.
d4 Ne6 9. Nxe5 Be7 10. c3 O-O 11. Be3 f6 12. Nd3 Re8 13. Qh5 g6 14. Qe2 1-0

[Event "QA-ANNIV-07"]
[Site "http://www.queenalice.com/game.php?id=950718"]
[Date "2011.6.16"]
[Round "1"]
[White "Piero"]
[Black "bonow"]
[Result "0-1"]
[WhiteElo "2059"]
[BlackElo "2120"]

1. e4 c5 2. Nf3 Nc6 3. d4 cxd4 4. Nxd4 Nf6 5. Nc3 d6 6. Bg5 Bd7 7. Qd2 a6 8.
O-O-O e6 9. f4 h6 10. Bh4 Be7 11. Nf3 Qc7 12. e5 dxe5 13. fxe5 Nd5 14. Nxd5 exd5
15. Bxe7 Nxe7 16. Bd3 O-O 17. Rde1 Be6 18. g4 Bxg4 19. Nd4 Nc6 20. Nxc6 bxc6 21.
Rhg1 h5 22. h3 Qb6 23. hxg4 Rfb8 24. b3 h4 0-1